Miejscowości w województwie świętokrzyskim – nagła śmierć - Statystyki

Ogólne statystyki
  • Ten quiz został rozwiązany 33 razy
  • Średni wynik to 9 z 20
Answers on the Grid
Answers color-coded by a green-red scale on the quiz's grid according to % correct below.
Kielce
Końskie
Starachowice
Pińczów
Nowy Korczyn
Ćmielów
Gowarczów
Piekoszów
Sandomierz
Włoszczowa
Małogoszcz
Łopuszno
Ruda Maleniecka
Fałków
Wąchock
Jędrzejów
Wodzisław
Staszów
Połaniec
Bodzentyn
Radomsko
Lipsko
Opoczno
Drzewica
Tarnobrzeg
Proszowice
Miechów
Kraśnik
Pajęczno
Przysucha
Inowłódz
Koniecpol
Skawina
Annopol
Lelów
 
Statystyki odpowiedzi
Odpowiedź % Poprawnych
Kielce
79%
Sandomierz
79%
Końskie
63%
Pińczów
63%
Jędrzejów
58%
Małogoszcz
58%
Starachowice
58%
Staszów
53%
Bodzentyn
42%
Ćmielów
42%
Łopuszno
42%
Piekoszów
42%
Połaniec
42%
Wąchock
42%
Włoszczowa
32%
Gowarczów
26%
Nowy Korczyn
26%
Wodzisław
26%
Fałków
21%
Ruda Maleniecka
21%
Nie znaleziono quizów pasujących do podanych kryteriów
Rozkład punktacji
Procent ludzi z każdym wynikiem
Percentyl według liczby udzielonych odpowiedzi
Twoja historia wyników
Nie rozwiązałeś tego quizu